| 000 | 01328cam a22003734a 4500 | ||
|---|---|---|---|
| 001 | 14939958 | ||
| 003 | PILC | ||
| 005 | 20151008082750.0 | ||
| 008 | 070724s2008 iaua 001 0 eng | ||
| 010 | _a 2007030779 | ||
| 020 | _a9780073511108 (hard copy : alk. paper) | ||
| 020 | _a9780071278744 | ||
| 020 | _a0071278745 | ||
| 040 |
_aDLC _cDLC _dDLC |
||
| 050 | 0 | 0 |
_aQD 253 _b.D46 2008 |
| 082 | 0 | 0 |
_aM 540 _bD28 2008 |
| 100 | 1 |
_aDenniston, K. J. _q(Katherine J.) |
|
| 245 | 1 | 0 |
_aGeneral, organic, and biochemistry / _cDenniston, Katherine J. |
| 250 | _a6th edition. | ||
| 260 |
_aDubuque, IA : _bMcGraw-Hill, _c2008. |
||
| 300 |
_axxiii, 1 v. (various pagings) : _billustrations ; _c29 cm. |
||
| 500 | _aIncludes index. | ||
| 526 | _c1210L to 1700L | ||
| 562 | _efor circulation. 1 copy available in the collection | ||
| 650 | 0 |
_aChemistry, Organic _vTextbooks. |
|
| 650 | 0 |
_aBiochemistry _vTextbooks. |
|
| 700 | 1 | _aTopping, Joseph J. | |
| 700 | 1 |
_aCaret, Robert L., _d1947- |
|
| 856 | 4 | 1 |
_3Table of contents only _uhttp://www.loc.gov/catdir/toc/ecip0723/2007030779.html |
| 906 |
_a7 _bcbc _corignew _d1 _eecip _f20 _gy-gencatlg |
||
| 942 |
_2lcc _cBK _kFOR |
||
| 999 |
_c15446 _d15446 |
||